Insolventnosť z pohľadu banky.

Platobná neschopnosť dosiahla hrozivé rozmery (k 10.6.1991 predstavuje v SR 30,7 mld Kčs). Systémové a vecné príčiny rýchleho nárastu platobnej neschopnosti podnikov. Platobná neschopnosť v jednotlivých odvetviach na Slovensku. Opatrenia na riešenie problému na makroekonomickej i mikroekonomickej úr...

Ausführliche Beschreibung

Gespeichert in:
Bibliographische Detailangaben
1. Verfasser: Mudrík, J.
Format: Buchkapitel
Sprache:Slowakisch
Schlagworte:
Tags: Tag hinzufügen
Keine Tags, Fügen Sie das erste Tag hinzu!

MARC

LEADER 00000naa a2200000 4500
001 r004810
005 20221125080020.3
041 0 |a slo 
044 |a [CS] 
245 1 0 |a Insolventnosť z pohľadu banky.  |c J. Mudrík 
520 |a Platobná neschopnosť dosiahla hrozivé rozmery (k 10.6.1991 predstavuje v SR 30,7 mld Kčs). Systémové a vecné príčiny rýchleho nárastu platobnej neschopnosti podnikov. Platobná neschopnosť v jednotlivých odvetviach na Slovensku. Opatrenia na riešenie problému na makroekonomickej i mikroekonomickej úrovni. 
610 2 0 |a insolventnosť 
610 2 0 |a banky 
610 2 0 |a podnik 
610 2 0 |a Slovensko 
100 1 |a Mudrík, J.